000 00397nam a2200097Ia 4500
008 180130s9999 xx 000 0 und d
245 _cAbdul, Wadood; Carr'e, Philippe; Gaborit, Philippe
_aError correcting codes for robust color wavelet watermarking
260 _c2016
300 _aBook title: Handbook of information security--Acession number C20533; pages 194-210
650 _aINFORMATION SECURITY
999 _c354101
_d354101